[Event "19th Lienz Open 2017"]
[Site "masterchessopen.com Lienz AUT"]
[Date "2017.02.12"]
[Round "3.6"]
[White "Feige,M"]
[Black "Moskalenko,A"]
[Result "0-1"]
[WhiteElo "2382"]
[BlackElo "2488"]

1.d4 e6 2.c4 f5 3.Nf3 Nf6 4.g3 Bb4+ 5.Nbd2 Nc6 6.Bg2 d6 7.O-O Bxd2 8.Bxd2 e5
9.Bc3 Qe7 10.b4 e4 11.Ne1 d5 12.b5 Nd8 13.Nc2 Be6 14.Ne3 O-O 15.Qd2 Qd7
16.cxd5 Nxd5 17.a4 a6 18.Rab1 axb5 19.axb5 b6 20.f3 exf3 21.Bxf3 Ra4 22.Nxd5
Bxd5 23.Qc2 Ra2 24.Qd3 Ne6 25.Ra1 Rxa1 26.Rxa1 Ng5 27.Bd2 f4 28.Bxf4 Nh3+
29.Kg2 Rxf4 30.Bxd5+ Qxd5+ 31.Kxh3 Rf2 32.Kh4 Rxh2+ 33.Kg4 Rf2 34.Kh4 h5 35.g4
Rh2+ 36.Kg3 Qd6+ {#R} 0-1

[Event "19th Lienz Open 2017"]
[Site "masterchessopen.com Lienz AUT"]
[Date "2017.02.12"]
[Round "3.8"]
[White "Sanal,V"]
[Black "Vidic,Teja"]
[Result "1-0"]
[WhiteElo "2475"]
[BlackElo "2034"]

1.Nf3 d5 2.g3 Bg4 3.Bg2 Nd7 4.O-O c6 5.d3 Ngf6 6.h3 Bh5 7.g4 Bg6 8.Nh4 e5 9.e3
e4 10.Nxg6 hxg6 11.Nc3 g5 12.b3 Qc7 13.dxe4 dxe4 14.Bb2 O-O-O 15.Qe2 Bd6
16.Rfd1 Bh2+ 17.Kf1 Be5 18.b4 Rh6 19.Qc4 Nb6 20.Rxd8+ Kxd8 21.Rd1+ Ke8 22.Qb3
Nbd5 23.Nxd5 Nxd5 24.Bxe4 Bxb2 25.Qxb2 Rf6 26.Kg2 Qe7 27.Bxd5 cxd5 28.Qd4 Qe4+
29.Qxe4+ dxe4 30.Rd5 Rc6 31.Rxg5 Rxc2 32.Rxg7 Rxa2 33.Rg5 Ra4 34.Re5+ Kf8
35.Rxe4 a5 36.Re5 b6 37.bxa5 Rxa5 38.Re4 {#r} 1-0

[Event "19th Lienz Open 2017"]
[Site "masterchessopen.com Lienz AUT"]
[Date "2017.02.12"]
[Round "3.10"]
[White "Tratar,M"]
[Black "Snehal,B"]
[Result "1-0"]
[WhiteElo "2458"]
[BlackElo "2190"]

1.Nf3 Nf6 2.c4 e6 3.g3 c5 4.Bg2 Nc6 5.O-O Be7 6.d4 cxd4 7.Nxd4 a6 8.Nc3 Qc7
9.b3 O-O 10.Bb2 Nxd4 11.Qxd4 d6 12.Na4 Rb8 13.Rac1 b6 14.Rfd1 Rd8 15.e4 Bd7
16.Nc3 Qb7 17.a4 Ne8 18.Ba3 Bc6 19.Qe3 Bf6 20.Rd2 Rbc8 21.Na2 Qc7 22.Nb4 Bb7
23.Nd3 Bc6 24.h4 Rd7 25.Nf4 Qb7 26.Nd5 Bd8 27.Nb4 Be7 28.Nxc6 Qxc6 29.Rcd1 Qc7
30.e5 Rcd8 31.Bf3 b5 32.cxb5 axb5 33.Rc1 Qb8 34.Bc6 Rc7 35.Bxb5 dxe5 36.Rxd8
Qxd8 37.Bxe7 Qxe7 38.Rxc7 Nxc7 39.Qxe5 f6 40.Qd4 Nxb5 41.axb5 Qc7 42.Qc4 Qd6
43.Qc6 Qd1+ 44.Kg2 Kf7 45.b6 {#r} 1-0

[Event "Elite Hotels Vaxjo Open"]
[Site "masterchessopen.com Vaxjo SWE"]
[Date "2017.02.12"]
[Round "7.2"]
[White "Lindberg,Be"]
[Black "Westerberg,J"]
[Result "0-1"]
[WhiteElo "2376"]
[BlackElo "2469"]

1.e4 b6 2.d4 Bb7 3.Nc3 e6 4.Nf3 Bb4 5.Bd3 Nf6 6.Bg5 h6 7.Bxf6 Bxc3+ 8.bxc3
Qxf6 9.O-O O-O 10.Re1 d6 11.e5 Qe7 12.a4 a5 13.exd6 cxd6 14.Nd2 Qc7 15.Re3 Nd7
16.Qh5 Kh8 17.c4 Nf6 18.Qh4 e5 19.Nb3 Rae8 20.Rh3 Ng8 21.c5 bxc5 22.dxc5 dxc5
23.Qc4 e4 24.Bf1 Re5 25.Rc3 Nf6 26.Nxc5 Ng4 27.g3 Ba8 28.Nb3 e3 29.fxe3 Qd7
30.Re1 Rh5 31.Qd4 Rxh2 32.e4 Qe6 33.Nc5 Qf5 34.Be2 Qh5 35.Nd3 Rh1+ 36.Kg2 Qh3+
37.Kf3 f5 {#R} 0-1

[Event "Elite Hotels Vaxjo Open"]
[Site "masterchessopen.com Vaxjo SWE"]
[Date "2017.02.12"]
[Round "7.4"]
[White "Hillarp Persson,T"]
[Black "Rydstrom,Tom"]
[Result "0-1"]
[WhiteElo "2512"]
[BlackElo "2262"]

1.Nf3 d5 2.g3 c6 3.Bg2 Bg4 4.d3 Nd7 5.O-O e6 6.Nbd2 Bd6 7.h3 Bh5 8.b3 Ne7
9.Bb2 O-O 10.Qe1 a5 11.a3 a4 12.b4 h6 13.e4 Re8 14.c4 Bg6 15.Qe2 Bc7 16.cxd5
exd5 17.Rac1 Nf5 18.Qd1 dxe4 19.dxe4 Nd6 20.Nh4 Bh7 21.f4 Nxe4 22.Nxe4 Bxe4
23.Bxe4 Rxe4 24.Rc2 Nf6 25.Kh2 Qxd1 26.Rxd1 Rae8 27.Bxf6 Re2+ 28.Rxe2 Rxe2+
29.Kh1 gxf6 30.Rd7 Bb6 31.Rxb7 Bf2 32.Nf5 Ra2 33.g4 Rxa3 34.Kg2 Ra2 35.Nxh6+
Kg7 36.Nf5+ Kg8 37.Kf3 Be1 38.g5 fxg5 39.fxg5 a3 40.Kg4 Rb2 41.Nh6+ Kf8
42.Rxf7+ Ke8 43.Ra7 a2 44.Nf5 Bc3 45.Nd6+ Kd8 46.Nf7+ Kc8 47.Nd6+ Kb8 48.Ra6
Rxb4+ 49.Kh5 a1=Q 50.Rxa1 Bxa1 51.g6 Rd4 52.Nf5 Rd5 53.Kg4 c5 54.h4 c4 55.h5
Bf6 56.h6 c3 57.g7 Rd8 58.Ne3 Bxg7 59.hxg7 Rg8 60.Kf3 Rxg7 61.Nc2 Re7 62.Nb4
Kb7 63.Kf2 Re8 64.Kf1 Re4 {#R} 0-1

[Event "Elite Hotels Vaxjo Open"]
[Site "masterchessopen.com Vaxjo SWE"]
[Date "2017.02.12"]
[Round "7.6"]
[White "Ziegler,A"]
[Black "Arman,D"]
[Result "0-1"]
[WhiteElo "2315"]
[BlackElo "2355"]

1.d4 Nf6 2.c4 d6 3.Nf3 g6 4.Nc3 Bf5 5.Qb3 Qc8 6.h3 Bg7 7.g4 Bd7 8.e4 O-O 9.Bg5
Nc6 10.d5 Na5 11.Qc2 c5 12.Bd3 a6 13.e5 dxe5 14.Nxe5 b5 15.O-O-O b4 16.Nxd7
Qxd7 17.Na4 b3 18.axb3 Rab8 19.Nxc5 Qd6 20.Bxf6 exf6 21.Ne4 Nxb3+ 22.Kb1 Qd8
23.Nd2 Nd4 24.Qa4 f5 25.Qa3 Qf6 26.b3 Rb4 27.g5 Qb6 28.Bc2 Ne2 29.Rde1 Nc3+
30.Kc1 a5 31.Re3 a4 32.bxa4 Nb1 33.Qd3 Nc3 34.d6 f4 35.Re7 Qc5 36.Nb3 Qxf2
37.Rf1 Na2+ 38.Kd1 Qg2 39.d7 Nc3+ 40.Kc1 Na2+ 41.Kd1 Rbb8 42.Rfe1 Nc3+ 43.Kc1
f3 44.h4 Na2+ 45.Kd1 Nb4 46.Qe4 Na2 47.Re3 {#R} 0-1

[Event "Elite Hotels Vaxjo Open"]
[Site "masterchessopen.com Vaxjo SWE"]
[Date "2017.02.12"]
[Round "7.7"]
[White "Kucuksari,Kaan"]
[Black "Tikkanen,H"]
[Result "0-1"]
[WhiteElo "2337"]
[BlackElo "2518"]

1.d4 g6 2.Nf3 Bg7 3.c4 e6 4.Nc3 Ne7 5.e4 d6 6.Be3 Nd7 7.Be2 h6 8.h4 b6 9.Qd2
Bb7 10.O-O-O a6 11.g4 Nf6 12.g5 Ng4 13.gxh6 Rxh6 14.Bxh6 Bxh6 15.Ng5 Nxf2
16.Qf4 Bxg5 17.hxg5 Nxh1 18.Rxh1 Ng8 19.Rh8 Ke7 20.Rh7 Qf8 21.e5 Rd8 22.Bd3
Ke8 23.d5 dxe5 24.Qxe5 Qd6 25.Qg7 Qf8 26.dxe6 Qxg7 27.Rxg7 Ne7 28.Bc2 fxe6
29.Bxg6+ Nxg6 30.Rxg6 Kf7 31.Rf6+ Ke7 32.Rg6 Kf7 33.Rf6+ Ke7 34.Rg6 Rd4
35.Rg7+ Kd6 36.g6 Bc6 37.Rg8 Rg4 38.Kc2 e5 39.b4 Bd7 40.Kb3 Be6 41.Rg7 Bxc4+
42.Kc2 Rg2+ 43.Kd1 Bd3 44.Rg8 Bxg6 45.Ra8 Rg3 46.Kd2 e4 47.Re8 Bxe8 {#R} 0-1

[Event "Elite Hotels Vaxjo Open"]
[Site "masterchessopen.com Vaxjo SWE"]
[Date "2017.02.12"]
[Round "7.8"]
[White "Ostergaard,J"]
[Black "Hector,J"]
[Result "0-1"]
[WhiteElo "2232"]
[BlackElo "2501"]

1.d4 d5 2.Nf3 Nf6 3.c4 c6 4.Nc3 e6 5.e3 Nbd7 6.Bd3 dxc4 7.Bxc4 b5 8.Bd3 a6
9.e4 c5 10.d5 Bb7 11.O-O Qc7 12.dxe6 fxe6 13.Ng5 Qc6 14.Qe2 c4 15.Bc2 h6
16.Nf3 e5 17.a4 b4 18.Nd5 a5 19.b3 Ba6 20.bxc4 Bd6 21.Rd1 O-O 22.Bb2 Rae8
23.Nh4 Nxd5 24.Rxd5 Bc5 25.Nf3 Bxc4 26.Bd3 Bxd5 27.Bb5 Qc7 28.exd5 Re7 29.d6
Qxd6 30.Qc4+ Kh8 31.Bxd7 Rxd7 32.Re1 Bd4 33.Bxd4 exd4 34.Ne5 Re7 35.Ng6+ Qxg6
36.Rxe7 Qf6 37.Re2 d3 38.Ra2 Qc3 {#R} 0-1

[Event "Elite Hotels Vaxjo Open"]
[Site "masterchessopen.com Vaxjo SWE"]
[Date "2017.02.12"]
[Round "7.9"]
[White "Jepson,C"]
[Black "Lindahl,E"]
[Result "1-0"]
[WhiteElo "2427"]
[BlackElo "2180"]

1.d4 Nf6 2.c4 e6 3.Nc3 Bb4 4.e3 O-O 5.Bd3 d5 6.Nf3 c5 7.O-O dxc4 8.Bxc4 b6
9.a3 Bxc3 10.bxc3 Qc7 11.Qe2 Bb7 12.Bb2 Nbd7 13.Bd3 e5 14.Nxe5 Nxe5 15.dxe5
Qxe5 16.c4 Qe7 17.e4 Rfe8 18.e5 Rad8 19.Rae1 Nd7 20.f4 Nf8 21.f5 Qd7 22.Be4
Bxe4 23.Qxe4 Qd3 24.Qg4 Qc2 25.e6 Qxb2 26.exf7+ Kxf7 27.Qh5+ g6 28.fxg6+ Kg7
29.Rf7+ Kg8 30.Rxf8+ Kxf8 31.Rf1+ Ke7 32.Rf7+ Ke6 33.Qf5+ Kd6 34.Qd5# 1-0

[Event "Elite Hotels Vaxjo Open"]
[Site "masterchessopen.com Vaxjo SWE"]
[Date "2017.02.12"]
[Round "7.11"]
[White "Olofsson-Dolk,Mattis"]
[Black "Ernst,T"]
[Result "0-1"]
[WhiteElo "2210"]
[BlackElo "2370"]

1.d4 Nf6 2.c4 c5 3.d5 e6 4.Nc3 exd5 5.cxd5 d6 6.e4 g6 7.Bd3 Bg7 8.h3 O-O
9.Nge2 Na6 10.O-O Nc7 11.Ng3 Rb8 12.a4 a6 13.a5 Nd7 14.f4 b5 15.axb6 Rxb6
16.Qf3 Nb5 17.Bxb5 axb5 18.e5 dxe5 19.f5 b4 20.Nce4 Bb7 21.Rd1 Qc7 22.Be3 Ra8
23.Rxa8+ Bxa8 24.Qf2 Bf8 25.d6 Bxd6 26.Qd2 Qb7 27.Ra1 Qxe4 28.Nxe4 Bxe4
29.fxg6 hxg6 30.Qe2 Bb7 31.h4 Nf8 32.Qf2 Ne6 33.h5 gxh5 34.Rf1 Nf4 35.Bxf4
exf4 36.Qh4 Bc7 37.Re1 Rg6 38.Re8+ Kg7 39.Qxh5 Rxg2+ 40.Kf1 f3 41.Qh8+ Kg6
42.Rg8+ Kf5 43.Qh7+ Ke6 44.Re8+ Kd6 45.Qd3+ Bd5 46.Rh8 Bb6 47.Qa6 Ke5 48.Rh4
Bd8 49.Rh5+ f5 50.Qd3 Bg5 51.Rh8 Rd2 52.Qa6 Kd4 53.Qd6 Rd1+ 54.Kf2 Be3+ 55.Kg3
Rg1+ 56.Kh2 Rh1+ 57.Kg3 Rxh8 58.Qf6+ Kd3 59.Qxh8 f2 60.Qh3 Ke2 61.Qh2 Ke1 {#R}
0-1

[Event "Elite Hotels Vaxjo Open"]
[Site "masterchessopen.com Vaxjo SWE"]
[Date "2017.02.12"]
[Round "7.15"]
[White "Stahlberg,D"]
[Black "Rahul Kumar,P"]
[Result "0-1"]
[WhiteElo "2089"]
[BlackElo "2223"]

1.Nf3 d6 2.d4 g6 3.g3 Bg7 4.Bg2 Nc6 5.O-O Bg4 6.c3 e5 7.dxe5 dxe5 8.Qb3 Qc8
9.Be3 Nge7 10.Re1 O-O 11.Nbd2 Be6 12.Qc2 h6 13.Bc5 Qe8 14.e4 b6 15.Ba3 Na5
16.b3 c5 17.Rad1 Rc8 18.Nf1 Qc6 19.Ne3 Rfd8 20.c4 Qb7 21.Nd5 Nac6 22.h3 Rd7
23.Bc1 Rcd8 24.Kh2 Qa6 25.Bd2 Nc8 26.g4 Nd6 27.g5 h5 28.Nf6+ Bxf6 29.gxf6 Ne8
30.Bc3 Nxf6 31.Nxe5 Nxe5 32.Bxe5 Rxd1 33.Rxd1 Rxd1 34.Qxd1 Nd7 35.Bb2 Qxa2
36.Qc2 a5 37.f4 f6 38.f5 Bf7 39.e5 Nxe5 40.Bd5 gxf5 41.Kg3 a4 42.bxa4 Bxd5
43.cxd5 Qxd5 44.Qxf5 Qb3+ 45.Kh4 Qxb2 46.Qxf6 Qd4+ 47.Kxh5 Nf7 48.Qxb6 Qd1+
49.Kh4 Qxa4+ 50.Kg3 Qd4 51.Kf3 Qd3+ 52.Kg4 c4 53.h4 c3 54.h5 c2 {#R} 0-1

[Event "Elite Hotels Vaxjo Open"]
[Site "masterchessopen.com Vaxjo SWE"]
[Date "2017.02.12"]
[Round "7.17"]
[White "Lindborg,Pa"]
[Black "Akerman,Axel"]
[Result "0-1"]
[WhiteElo "2196"]
[BlackElo "2090"]

1.d4 d5 2.c4 e5 3.e3 dxc4 4.Nf3 exd4 5.Bxc4 Bb4+ 6.Bd2 Bxd2+ 7.Qxd2 Nf6 8.exd4
O-O 9.O-O b6 10.Nc3 Bb7 11.Qf4 Nc6 12.Rad1 Ne7 13.Ne5 Ned5 14.Qh4 Nxc3 15.bxc3
Nd7 16.Qf4 Nxe5 17.Qxe5 Qd7 18.Bb5 c6 19.Bd3 Rfe8 20.Qh5 g6 21.Qh4 c5 22.Bc4
Re4 23.Qf6 cxd4 24.Rxd4 Rxd4 25.cxd4 b5 26.Bb3 a5 27.h4 a4 28.h5 Ra6 29.Bxf7+
Qxf7 30.Qd8+ Qf8 31.Qd7 Qc8 32.Qe7 Re6 33.Qg5 Qd7 34.Rc1 Bd5 35.Rc5 Bc4 36.h6
Qe7 37.Rc8+ Kf7 38.Qg3 Qf6 39.Rc7+ Re7 40.Rc8 g5 41.Rc5 Re1+ {#R} 0-1

[Event "Elite Hotels Vaxjo Open"]
[Site "masterchessopen.com Vaxjo SWE"]
[Date "2017.02.12"]
[Round "7.18"]
[White "Sorensen,Hampus"]
[Black "Neretljak,N"]
[Result "1-0"]
[WhiteElo "2188"]
[BlackElo "2051"]

1.d4 e6 2.c4 f5 3.Nf3 b6 4.Nc3 Bb7 5.Bg5 Be7 6.Bxe7 Qxe7 7.e3 Nf6 8.Be2 d6
9.O-O Nbd7 10.Qc2 g5 11.d5 O-O-O 12.Nd4 Ne5 13.Nxe6 Rdg8 14.Nb5 g4 15.Ned4 Kb8
16.a4 Nf3+ 17.Nxf3 gxf3 18.Bxf3 Ne4 19.Nd4 Qe5 20.a5 Ng5 21.axb6 cxb6 22.Qxf5
Qxf5 23.Nxf5 Nxf3+ 24.Kh1 Nd2 25.Rfd1 Nxc4 26.Rd4 Na5 27.Rad1 Nb3 28.Rb4 Nc5
29.Nxd6 Rg7 30.e4 Re7 31.f4 Ba6 32.Rbd4 Be2 33.Re1 Ba6 34.e5 Rf8 35.g4 Nd3
36.Ra1 Nc5 37.Nf5 Ree8 38.e6 Bb7 39.e7 Rxf5 40.gxf5 Rxe7 41.Rad1 Rf7 42.Kg1
Rxf5 43.d6 Nd7 44.Re1 Bc6 45.Re7 h5 46.Kf2 a5 47.Rg7 b5 48.Rg5 Rxg5 49.fxg5
Kc8 50.g6 Nf6 51.g7 Kd7 52.Rf4 Ng8 53.Rf8 Bd5 54.Rf5 Bc4 55.Rxh5 a4 56.Ke3
Kxd6 57.Kd4 Kc6 58.Rc5+ Kb6 59.Rxc4 bxc4 60.Kxc4 Ka5 61.h4 Nh6 62.h5 Ng8
63.Kd5 Kb4 64.Ke6 Kb3 65.Kf7 Nh6+ 66.Kg6 Ng8 67.h6 Kxb2 68.h7 Ne7+ 69.Kh5 a3
70.h8=Q {#r} 1-0

[Event "Elite Hotels Vaxjo Open"]
[Site "masterchessopen.com Vaxjo SWE"]
[Date "2017.02.12"]
[Round "8.2"]
[White "Akesson,R"]
[Black "Arman,D"]
[Result "0-1"]
[WhiteElo "2420"]
[BlackElo "2355"]

1.Nf3 Nf6 2.c4 g6 3.Nc3 d5 4.cxd5 Nxd5 5.Qa4+ Bd7 6.Qc2 Nb4 7.Qb1 Bf5 8.d3 Bg7
9.g3 N8c6 10.Bd2 Bg4 11.Bg2 Bxf3 12.Bxf3 Nd4 13.O-O Nxf3+ 14.exf3 Qxd3 15.Ne4
Qxb1 16.Raxb1 Nd3 17.b4 h6 18.Be3 O-O-O 19.Rb3 b6 20.f4 f5 21.Nd2 e5 22.fxe5
Nxe5 23.Rc1 Nd3 24.Rc6 g5 25.Nf3 Rhe8 26.Rc4 Kb7 27.b5 Rd5 28.a4 Nb2 29.Rcb4
Rd1+ 30.Kg2 Nd3 31.Rc4 g4 32.Nh4 Ne1+ 33.Kf1 Nf3+ 34.Ke2 Re1+ 35.Kd3 Rd8+
36.Kc2 Re2+ 37.Kc1 Nxh4 38.gxh4 Be5 39.Bf4 Rd4 40.Rxd4 Bxd4 41.Rd3 Bb2+ 42.Kb1
Be5 43.Bxh6 Rxf2 44.Be3 Rf1+ 45.Kc2 Bxh2 46.h5 Rh1 47.h6 Bd6 48.Rd1 Rh3 49.Bg5
Rh5 50.Bd2 f4 51.Kd3 Rxh6 52.Rg1 Rg6 53.Ke4 f3 54.Rf1 Re6+ 55.Kf5 Re2 56.Bc3
g3 57.Rxf3 Rf2 {#R} 0-1

[Event "Elite Hotels Vaxjo Open"]
[Site "masterchessopen.com Vaxjo SWE"]
[Date "2017.02.12"]
[Round "8.3"]
[White "Rydstrom,Tom"]
[Black "Tikkanen,H"]
[Result "1-0"]
[WhiteElo "2262"]
[BlackElo "2518"]

1.e4 b6 2.d4 Bb7 3.Bd3 e6 4.c3 g6 5.Nf3 Bg7 6.Bg5 Ne7 7.Nbd2 h6 8.Bf4 d6 9.Qe2
Nd7 10.O-O e5 11.Bg3 O-O 12.dxe5 dxe5 13.Nc4 f6 14.Rad1 Qc8 15.Rfe1 Nc5 16.Bc2
a5 17.b3 h5 18.h3 Bh6 19.Ne3 Ba6 20.c4 Bxe3 21.Qxe3 Ne6 22.Rd2 Qe8 23.Red1 Qf7
24.Ne1 Rae8 25.Nd3 g5 26.h4 g4 27.f4 gxf3 28.gxf3 Kh7 29.Rg2 Ng6 30.f4 exf4
31.Nxf4 Nexf4 32.Bxf4 Bb7 33.Rf1 Nxh4 34.e5+ f5 35.Rg5 Rg8 36.Kh2 Rxg5 37.Bxg5
Qg6 38.Qf4 Rd8 39.Rf2 Rd4 40.Qxd4 Qxg5 41.Qf4 Kg6 42.e6 Bc6 43.Qxg5+ Kxg5
44.e7 f4 45.Be4 Be8 46.Rd2 Kf6 47.Kh3 Ng6 48.Rd8 Kxe7 49.Rxe8+ Kxe8 50.Bxg6+
Ke7 51.Bxh5 Kd6 52.Kg4 Kc5 53.Kxf4 Kb4 54.Ke4 Ka3 55.Kd5 Kxa2 56.Bd1 Ka3
57.Kc6 Kb4 58.Kxc7 b5 59.cxb5 Kxb5 60.Kb7 {#r} 1-0

[Event "Elite Hotels Vaxjo Open"]
[Site "masterchessopen.com Vaxjo SWE"]
[Date "2017.02.12"]
[Round "8.4"]
[White "Hector,J"]
[Black "Blomqvist,E"]
[Result "0-1"]
[WhiteElo "2501"]
[BlackElo "2573"]

1.e4 c5 2.Nf3 Nc6 3.Nc3 g6 4.d4 cxd4 5.Nxd4 Bg7 6.Nb3 Nf6 7.Be2 O-O 8.O-O a6
9.Re1 b5 10.Bf1 d6 11.Bg5 Bb7 12.Qd2 Re8 13.a4 b4 14.Nd5 Nd7 15.Nxb4 Bxb2
16.Rab1 Bg7 17.Nxc6 Bxc6 18.a5 Qc7 19.f3 Bb5 20.Bxb5 axb5 21.Qe2 Qc4 22.Qf2
Ne5 23.Red1 Nc6 24.Qb6 Reb8 25.Qf2 Rb7 26.Qd2 Bc3 27.Qd5 Nxa5 28.Nxa5 Qxd5
29.Rxd5 Rxa5 30.Bd2 Bxd2 31.Rxd2 Rc7 32.Rb2 Rc5 33.Kf2 f6 34.Ke3 Kf7 35.Rd3
Ke6 36.Rdb3 Kd7 37.Rd3 Ra1 38.Rdb3 Kc6 39.c4 bxc4 40.Rb7 Ra3+ 41.Kf2 Re5
42.R2b6+ Kc5 43.Rb1 Kd4 44.Rc7 Ra2+ 45.Kf1 Rc2 46.Rd1+ Kc3 47.h4 h5 48.Kg1 f5
49.Re1 Kd2 50.Kf1 c3 51.Rc4 Kd3 52.Rc7 fxe4 53.fxe4 Rd2 {#R} 0-1

[Event "Elite Hotels Vaxjo Open"]
[Site "masterchessopen.com Vaxjo SWE"]
[Date "2017.02.12"]
[Round "8.7"]
[White "Ernst,T"]
[Black "Bellon Lopez,JuM"]
[Result "1-0"]
[WhiteElo "2370"]
[BlackElo "2345"]

1.e4 c5 2.Nf3 e6 3.d4 cxd4 4.Nxd4 a6 5.Nc3 b5 6.Bd3 Qb6 7.Nb3 Qc7 8.O-O Nc6
9.f4 d6 10.Be3 Nf6 11.Qf3 Rb8 12.Qg3 b4 13.Ne2 g6 14.Nbd4 Nxd4 15.Bxd4 Bg7
16.Qh4 e5 17.fxe5 dxe5 18.Be3 Ng4 19.Bd2 O-O 20.h3 Qc5+ 21.Kh1 Ne3 22.Qf2 Bh6
23.Ng3 f5 24.exf5 gxf5 25.Rfe1 f4 26.Nf1 Bb7 27.Nxe3 fxe3 28.Qg3+ Kh8 29.Bxe3
Bxe3 30.Qxe3 Qxe3 31.Rxe3 Rf2 32.Rg1 b3 33.axb3 Rg8 34.Re2 Rgxg2 35.Rxg2 Bxg2+
36.Kh2 Rxe2 37.Bxe2 Be4 38.c3 a5 39.Kg3 Kg7 40.Kf2 Kf6 41.Ke3 Bg2 42.h4 Ke6
43.Bf3 Bh3 44.b4 axb4 45.cxb4 Bf1 46.Be2 Bg2 47.b5 Kd6 48.Bf3 Bf1 49.b6 Ba6
50.Be4 h6 51.Kf3 Bc4 52.Kg4 Be2+ 53.Kf5 Bh5 54.Kf6 Be8 55.Kg7 h5 56.Kh6 Bf7
57.Kg7 Bc4 58.Kf6 Be2 59.b7 Kc7 60.Kxe5 {#r} 1-0

[Event "Elite Hotels Vaxjo Open"]
[Site "masterchessopen.com Vaxjo SWE"]
[Date "2017.02.12"]
[Round "8.8"]
[White "Fransson,Pa"]
[Black "Hillarp Persson,T"]
[Result "0-1"]
[WhiteElo "2133"]
[BlackElo "2512"]

1.d4 g6 2.c4 Bg7 3.Nc3 d6 4.e4 Nf6 5.f3 O-O 6.Be3 a6 7.Bd3 Nbd7 8.Nge2 c5
9.O-O e6 10.Ng3 Ng4 11.fxg4 cxd4 12.Bd2 dxc3 13.Bxc3 Bxc3 14.bxc3 Ne5 15.Be2
Qc7 16.Qd2 Bd7 17.Qg5 f6 18.Rxf6 Rxf6 19.Qxf6 Rf8 20.Qg5 Qc5+ 21.Kh1 Nd3
22.Qxc5 Nxc5 23.Rd1 Bc6 24.Bf3 e5 25.Kg1 Rd8 26.Kf2 Kf7 27.Ke3 Ke7 28.Rb1 Kd7
29.h4 Kc7 30.h5 Ne6 31.Rh1 Ng5 32.hxg6 hxg6 33.Rh6 Rg8 34.Nf1 Kd7 35.Nd2 Ke7
36.Nb3 b6 37.Nd2 Kf6 38.Rh1 Rb8 39.Be2 Kg7 40.Rb1 Ne6 41.Bf3 Nc5 42.Nb3 Na4
43.Rc1 Kf6 44.Be2 Be8 45.Nd2 Bf7 46.Bd1 Nc5 47.Rb1 Be6 48.Be2 Na4 49.Rf1+ Ke7
50.Rc1 Rc8 51.Rc2 b5 52.cxb5 axb5 53.c4 Nb6 54.Rb2 Nxc4+ 55.Nxc4 bxc4 56.Rb7+
Kf6 57.Kd2 Ra8 58.Rb2 Ra3 59.Rc2 Kg5 60.Bxc4 Bxc4 61.Rxc4 Rxa2+ 62.Ke3 Rxg2
63.Rc6 Rg3+ 64.Kf2 Kf4 65.Rxd6 Rxg4 66.Ra6 Kxe4 67.Ra4+ Kf5 68.Ra5 Rb4 69.Ra8
Rb2+ 70.Ke3 Rb3+ 71.Kf2 e4 72.Rf8+ Kg4 73.Re8 e3+ 74.Ke2 g5 75.Rg8 Kf4 76.Rf8+
Kg3 77.Rg8 g4 78.Rg7 Kh3 79.Rg8 g3 80.Rg7 Rb2+ 81.Kxe3 Rf2 82.Rg6 Rf8 83.Ke2
Kh2 84.Rg7 g2 85.Rh7+ Kg1 86.Rg7 Re8+ 87.Kd2 Re5 88.Rg8 Kf2 89.Rf8+ Kg3
90.Rg8+ Kf3 91.Kd1 Re4 {#R} 0-1

[Event "Elite Hotels Vaxjo Open"]
[Site "masterchessopen.com Vaxjo SWE"]
[Date "2017.02.12"]
[Round "8.9"]
[White "Karlsson,J"]
[Black "Von Bahr,O"]
[Result "0-1"]
[WhiteElo "2107"]
[BlackElo "2385"]

1.e4 e5 2.Nc3 Nf6 3.f4 d5 4.exd5 Nxd5 5.Nxd5 Qxd5 6.fxe5 Nc6 7.Nf3 Bg4 8.Be2
Nxe5 9.d4 Nxf3+ 10.Bxf3 Bxf3 11.Qxf3 Qxf3 12.gxf3 O-O-O 13.Be3 Rd5 14.c4 Rh5
15.Kf2 Be7 16.Rag1 Re8 17.Bf4 Rf5 18.Be5 Bh4+ 19.Bg3 Bf6 20.Rd1 Ra5 21.Rd2
Rxa2 22.Re1 Rxe1 23.Kxe1 Ra4 24.b3 Ra3 25.Rd3 a5 26.Kd2 a4 27.bxa4 Rxa4 28.Kc3
c5 29.Kb3 Rb4+ 30.Ka3 Rxc4 31.dxc5 Rxc5 32.Kb3 Rf5 33.Bd6 Be5 34.Bc5 Bxh2
35.Kb4 Bc7 36.Kc4 h5 37.Bf2 g5 38.Be1 h4 39.Kd4 h3 {#R} 0-1

[Event "Elite Hotels Vaxjo Open"]
[Site "masterchessopen.com Vaxjo SWE"]
[Date "2017.02.12"]
[Round "8.10"]
[White "Ornstein,A"]
[Black "Johansson,V"]
[Result "1-0"]
[WhiteElo "2358"]
[BlackElo "2114"]

1.Nf3 c5 2.c4 Nc6 3.Nc3 g6 4.e3 Bg7 5.d4 Nf6 6.d5 Nb8 7.e4 d6 8.h3 O-O 9.Bf4
Na6 10.Be2 Nc7 11.O-O a6 12.a4 Rb8 13.Qd2 b6 14.e5 Nfe8 15.Rfe1 Bd7 16.Ne4 Bf5
17.Ng3 Bd7 18.Bd3 b5 19.axb5 axb5 20.b3 bxc4 21.bxc4 Rb4 22.Bh6 dxe5 23.Bxg7
Kxg7 24.Rxe5 f6 25.Re4 Nd6 26.Rh4 Nf7 27.Ne4 Qb8 28.Nxc5 Bc8 29.Qe3 Qb6
30.Qxe7 h5 31.Bxg6 {#r} 1-0

[Event "Elite Hotels Vaxjo Open"]
[Site "masterchessopen.com Vaxjo SWE"]
[Date "2017.02.12"]
[Round "8.11"]
[White "Svensson,Mikael"]
[Black "Ziegler,A"]
[Result "0-1"]
[WhiteElo "2047"]
[BlackElo "2315"]

1.d4 Nf6 2.Nf3 g6 3.Nbd2 Bg7 4.e4 d6 5.c3 O-O 6.Be2 c6 7.O-O Bg4 8.Qc2 Nbd7
9.a4 Qc7 10.Nc4 Rfe8 11.Rd1 b6 12.Ng5 Bxe2 13.Qxe2 b5 14.axb5 cxb5 15.Na5 a6
16.Nf3 e5 17.d5 Nc5 18.Nd2 Bh6 19.f3 Nh5 20.Ndb3 Bxc1 21.Raxc1 Nf4 22.Qe3 Na4
23.g3 Nh5 24.Qf2 Nb6 25.c4 bxc4 26.Nxc4 Nxc4 27.Nd2 Reb8 28.Nxc4 Qd8 29.Qe3
Rb4 30.Rc2 a5 31.Rdc1 Kg7 32.Qc3 Rc8 33.Qa3 Ra8 34.Ra1 f5 35.Qc3 fxe4 36.fxe4
Nf6 37.Qf3 Rc8 38.Rac1 a4 39.Rc3 Rb3 40.Rxb3 axb3 41.Rc3 h5 42.Kg2 Rc5 43.Nd2
Rxc3 44.Qxc3 Qb6 45.h3 Qa6 46.Kf2 Qb6+ 47.Qe3 Qb4 48.Kf3 h4 49.gxh4 Nh5 50.Qc3
Qb8 51.Qxb3 Qf8+ 52.Ke2 Qf4 53.Qf3 Qh2+ 54.Kd3 Nf4+ 55.Kc2 Ne2 56.Kd3 Nd4
57.Qg4 Kh7 58.b4 Qh1 59.Qd7+ Kh6 60.Qc8 Kh7 61.Qc7+ Kh6 62.Qc8 Kh7 63.h5 gxh5
64.Qd7+ Kg8 65.Qe8+ Kg7 66.Qe7+ Kg8 67.Qg5+ Kf8 68.Qf6+ Ke8 69.Qxd6 Qxh3+
70.Kc4 Qc8+ 71.Qc5 Qa6+ 72.b5 Qa2+ 73.Kd3 Qxd2+ 74.Kxd2 Nb3+ 75.Ke3 Nxc5
76.Kf3 Kd7 77.Kg3 Nxe4+ {#R} 0-1

[Event "Elite Hotels Vaxjo Open"]
[Site "masterchessopen.com Vaxjo SWE"]
[Date "2017.02.12"]
[Round "8.14"]
[White "Wahlund,Max"]
[Black "Kucuksari,Kaan"]
[Result "1-0"]
[WhiteElo "2127"]
[BlackElo "2337"]

1.d4 Nf6 2.c4 e6 3.g3 Bb4+ 4.Bd2 Be7 5.Bg2 O-O 6.Nf3 d5 7.O-O c6 8.Bc3 Ne4
9.Nbd2 Nxc3 10.bxc3 Nd7 11.e4 dxe4 12.Nxe4 f5 13.Ned2 Bf6 14.Re1 Re8 15.c5 e5
16.Qb3+ Kh8 17.Nc4 e4 18.Nd6 Rf8 19.Nf7+ Rxf7 20.Qxf7 Qg8 21.Qxg8+ Kxg8 22.Nd2
b6 23.cxb6 axb6 24.a4 c5 25.Nb3 cxd4 26.cxd4 Bb7 27.a5 Bd5 28.axb6 Rb8 29.Nc5
Nxb6 30.Red1 Nc4 31.Nd7 Rd8 32.Nxf6+ gxf6 33.Ra7 Nb2 34.Rc1 Nc4 35.Bh3 Nd6
36.Rc5 Be6 37.Re7 Bf7 38.Rcc7 Rb8 39.Bxf5 Bd5 40.Be6+ {#r} 1-0

[Event "Elite Hotels Vaxjo Open"]
[Site "masterchessopen.com Vaxjo SWE"]
[Date "2017.02.12"]
[Round "8.15"]
[White "Petersson,K"]
[Black "Henriksson,Jo"]
[Result "0-1"]
[WhiteElo "2059"]
[BlackElo "2279"]

1.f4 Nf6 2.Nf3 g6 3.c3 Bg7 4.e3 O-O 5.d4 b6 6.Be2 Bb7 7.O-O c5 8.Bd2 d6 9.Be1
Nbd7 10.Bh4 Rc8 11.a4 Nd5 12.Qd2 N7f6 13.Bd3 cxd4 14.exd4 e6 15.Na3 Qd7
16.Bxf6 Nxf6 17.Bb5 Qc7 18.Qe2 Nh5 19.g3 Rcd8 20.Ba6 Ba8 21.Nb5 Qb8 22.Qc4 Rd7
23.Rae1 Nf6 24.Qe2 Nd5 25.Nd2 Nc7 26.Nxc7 Qxc7 27.Nc4 Qc6 28.Kf2 Qxa4 29.Ne5
Bxe5 30.fxe5 Qc6 31.Bb5 Qg2+ 32.Ke3 Rdd8 33.Qxg2 Bxg2 34.Rf2 Bb7 35.exd6 Rxd6
36.Ra1 a6 37.Bd3 a5 38.Rf6 Kg7 39.Raf1 Rd7 40.h4 Rfd8 41.g4 Re7 42.Be4 Bxe4
43.Kxe4 h6 44.Ke5 b5 45.R6f3 f5 46.Kf4 Rd5 47.Re1 e5+ 48.Rxe5 Rdxe5 49.dxe5
fxg4 50.Kxg4 Rxe5 51.Rf2 b4 52.cxb4 Re4+ 53.Kg3 Rxb4 54.Kh3 h5 55.Kg3 Rb3+
56.Kh2 Rb5 57.Kh3 Rf5 58.Rc2 Rf4 59.Rc6 Rb4 60.Rc2 Kf6 61.Re2 Kf5 62.Rc2 Kf4
63.Rf2+ Ke5 64.Rg2 Rb3+ 65.Kh2 Kf4 66.Rc2 Kg4 67.Rc4+ Kf3 68.Rc2 Re3 69.Kh3
Re2 70.Rc3+ Kf4 71.Rc4+ Re4 72.Rc2 a4 73.Rf2+ Ke5 74.Rg2 Re3+ 75.Kh2 Rb3
76.Rxg6 Rxb2+ 77.Kg3 Rb3+ 78.Kg2 a3 79.Rg5+ Kf4 80.Rxh5 Kg4 81.Ra5 Rb2+ 82.Kg1
a2 83.Ra4+ Kh5 84.Ra5+ Kxh4 85.Ra4+ Kg3 86.Ra3+ Kf4 {#R} 0-1

[Event "Elite Hotels Vaxjo Open"]
[Site "masterchessopen.com Vaxjo SWE"]
[Date "2017.02.12"]
[Round "8.16"]
[White "Carlsson,Ludvig"]
[Black "Burwick,M"]
[Result "0-1"]
[WhiteElo "2093"]
[BlackElo "2251"]

1.g3 g6 2.Bg2 Bg7 3.c4 Nf6 4.Nf3 O-O 5.O-O d6 6.Nc3 e5 7.d4 Nbd7 8.e4 c6 9.h3
Ne8 10.Be3 f5 11.dxe5 dxe5 12.exf5 gxf5 13.Bc5 Rf7 14.Re1 Qf6 15.Bd4 exd4
16.Rxe8+ Rf8 17.Rxf8+ Nxf8 18.Ne2 Ne6 19.Qd3 Bd7 20.Rd1 c5 21.b4 Ba4 22.Rd2
Bh6 23.Rb2 Bc6 24.bxc5 Be4 25.Qa3 Bf8 26.Rd2 Bxc5 27.Qb2 Rd8 28.Nh2 Qg7 29.Nf3
Rd6 30.Nc1 Nf4 31.Kh2 Nxg2 32.Kxg2 b6 33.Nd3 Qb7 34.Ne1 a5 35.a3 a4 36.Qc1 Qc6
37.Ra2 d3 38.Qg5+ Rg6 39.Qd8+ Bf8 40.Rd2 Qxc4 41.Nxd3 Bxf3+ 42.Kh2 Qc3 43.Nf4
Qa1 44.Ng2 Qf1 45.Qd5+ Bxd5 46.Rxd5 Qxf2 {#R} 0-1